Sociología del Rito /

Uloženo v:
Podrobná bibliografie
Hlavní autor: Cazeneuve, Jean (autor)
Médium: Kniha
Jazyk:španělština
Edice:(Biblioteca de Filosofía, Antropología y Religión)
Témata:
Tagy: Přidat tag
Žádné tagy, Buďte první, kdo vytvoří štítek k tomuto záznamu!

MARC

LEADER 00000nam^a2200000^a^4500
001 000073021
005 20250521000000.0
009 20260310091613.709
037 |a Acervo ITESO - Biblioteca 
041 |a ESP 
082 |a 306.  |b CAZ 
100 |a Cazeneuve, Jean  |e (autor) 
245 1 0 |a Sociología del Rito /  |c J. Cazeneuue ; tr. por José Castelló. 
264 |a Buenos Aires, Argentina :  |b Amorrortu,  |c 1971 
300 |a 278 p. 
336 |a texto  |b txt  |2 rdacontenido 
337 |a sin mediación  |b n  |2 rdamedio 
338 |a volumen  |b nc  |2 rdasoporte 
440 1 |a (Biblioteca de Filosofía, Antropología y Religión) 
500 |a Traducción de: Sociologie Du Rite 
649 |a XX 
650 |a Sociología 
650 |a Sociología 
650 |a Sociología de la Religión 
650 |a Etnografía 
910 |a Fondo Armando Suárez Gómez 
920 |a Impresos - Libros 
930 |a Fondos Especiales 
905 |a 111 
901 |a 0700003847  |b IT2  |c ESP  |u 20250521 
902 |a https://opac.biblio.iteso.mx/vufind/Record/000073021